[Event "Club Championships"]
[Site "Wellington Chess Club"]
[Date "2017.09.28"]
[Round "2.1.5"]
[White "Perry, Roger"]
[Black "Nyberg, Michael"]
[Result "1-0"]
[WhiteElo "2124"]
[BlackElo "2101"]

1. d4 Nf6 2. c4 e6 3. Nc3 b6 4. e4 Bb7 5. Bd3 Bb4 6. d5 d6 $4 7. Ne2 $4 (7.
Qa4+) 7... Nbd7 8. O-O O-O 9. a3 Bxc3 10. Nxc3 Nc5 11. Bc2 a5 12. Bg5 e5 13.
Qd2 Re8 14. f4 Ncd7 15. Ba4 exf4 16. Qxf4 Re5 17. Bxd7 Qxd7 18. Bxf6 gxf6 19.
Qxf6 Qe7 20. Qf4 Bc8 21. Rf3 Rg5 22. Raf1 Rg7 23. Nb5 Bg4 24. Re3 Re8 25. Nd4
Bd7 26. Rfe1 Rg4 27. Qf2 Qg5 28. Nf3 Qh6 29. b3 Kh8 30. e5 Reg8 31. g3 Qh3 32.
Nd2 dxe5 33. Qf6+ R4g7 34. Rxe5 Qg4 35. Re7 a4 36. b4 c5 37. b5 Qg6 38. Ne4 Bf5
39. Qxg6 fxg6 40. d6 Rf8 41. Ng5 h6 42. Ne6 Rxe7 43. dxe7 Re8 44. Nc7 1-0

[Event "Club Championships"]
[Site "Wellington Chess Club"]
[Date "2017.09.28"]
[Round "2.2.1"]
[White "Mullan, Brett"]
[Black "Chen, Wei Kai"]
[Result "0-1"]
[WhiteElo "1800"]
[BlackElo "1813"]

1. e4 e5 2. Nf3 Nc6 3. d4 exd4 4. Nxd4 Bc5 5. Be3 Qf6 6. c3 d6 7. Be2 Nge7 8.
O-O a6 9. Qd2 O-O 10. Nxc6 Nxc6 11. Bxc5 dxc5 12. Qe3 b6 13. Nd2 Bb7 14. f4
Rad8 15. Rad1 Rfe8 16. e5 Qh6 17. Qf2 Re7 18. Ne4 Red7 19. Rxd7 Rxd7 20. Qg3
Qg6 21. Qxg6 hxg6 22. Rd1 Rxd1+ 23. Bxd1 Kf8 24. Ng5 Ke7 25. Bb3 f6 26. exf6+
gxf6 27. Ne6 c4 28. Bxc4 Na5 29. Bd3 Kxe6 30. Bxg6 f5 31. h4 Kf6 32. h5 Nc4 33.
b3 Ne3 34. g3 Nd5 35. c4 Ne7 36. Be8 c5 37. Kf2 Be4 38. h6 Bb1 39. a3 Ba2 40.
b4 cxb4 41. axb4 Bxc4 42. Kf3 Nd5 43. g4 fxg4+ 44. Kxg4 Nxb4 45. h7 Kg7 46. Bg6
Nd5 47. Bb1 Nf6+ 48. Kf5 Nxh7 49. Ke5 Nf6 50. Kd4 b5 51. Bc2 Nd5 52. Ke5 Nb4
53. Bb1 Bd3 54. Bxd3 Nxd3+ 0-1

[Event "Club Championships"]
[Site "Wellington Chess Club"]
[Date "2017.09.28"]
[Round "2.2.2"]
[White "Barraza, Jesse"]
[Black "Coghini, Phillip"]
[Result "1-0"]
[WhiteElo "1890"]
[BlackElo "1888"]

1. e4 e5 2. Nf3 Nc6 3. d4 exd4 4. Bc4 Bc5 5. c3 d6 6. cxd4 Bb4+ 7. Nc3 Bxc3+ 8.
bxc3 Bg4 9. Qb3 Na5 10. Bxf7+ Kf8 11. Qa4 c6 12. Bxg8 Bxf3 13. gxf3 Kxg8 14.
Rg1 h6 15. Bf4 b5 16. Qc2 Qf6 17. Qc1 Nc4 18. Rg3 Kh7 19. Kf1 Rhf8 20. Be3 Rf7
21. Qc2 Nxe3+ 22. fxe3 Kh8 23. Kg2 Raf8 24. a4 Qh4 25. f4 Qe7 26. axb5 cxb5 27.
Qd3 Qb7 28. Rb1 Rb8 29. h4 a5 30. Kh2 b4 31. cxb4 axb4 32. Rb3 Rc7 33. f5 Qb5
34. Qxb5 Rxb5 35. Rg1 Rc2+ 36. Rg2 Rc3 37. Rgb2 Rxb3 38. Rxb3 Kg8 39. Kg3 Kf7
40. h5 Kf6 41. Kf4 Ke7 42. e5 dxe5+ 43. dxe5 Kf7 44. Ke4 Ke7 45. Kd4 Kf7 46. e4
Ke7 47. Rg3 Kf7 48. e6+ Kf8 49. Rb3 Ke8 50. Kc4 Re5 51. Re3 b3 52. Kxb3 Ke7 53.
Kc4 Kf6 54. Kd4 Ra5 55. Rc3 Ra7 56. Kd5 Kg5 57. Kd6 Kf6 58. Rc7 Ra6+ 59. Kd7
Ra8 60. e5+ Kxf5 61. e7 Kxe5 62. e8=Q+ Rxe8 63. Kxe8 Kf6 64. Kf8 g5 65. Rc6+
1-0

[Event "Club Championships"]
[Site "Wellington Chess Club"]
[Date "2017.09.28"]
[Round "2.2.3"]
[White "Brockway, Andrew"]
[Black "Benitez, Edgar"]
[Result "1-0"]
[WhiteElo "1899"]
[BlackElo "1809"]

1. e4 e5 2. Nf3 Nf6 3. Nxe5 d6 4. Nf3 Nxe4 5. Nc3 Nxc3 6. dxc3 Bg4 7. Be3 Be7
8. Be2 Nc6 9. Qd2 Bf6 10. O-O-O O-O 11. h3 Bxf3 12. Bxf3 Ne5 13. Be2 b5 14. Bd4
b4 15. cxb4 a5 16. bxa5 Nc6 17. Bc3 Bxc3 18. Qxc3 Nxa5 19. Kb1 Nb7 20. Bf3 Rb8
21. Bxb7 Rxb7 22. Rhe1 Qa8 23. Rd3 Ra7 24. a3 Qb7 25. Rg3 g6 26. h4 h5 27. Re7
Kh7 28. Qf6 Qd5 29. Qxg6+ { (Black resigned) } 1-0

[Event "Club Championships"]
[Site "Wellington Chess Club"]
[Date "2017.09.28"]
[Round "2.2.4"]
[White "Stoeveken, Peter"]
[Black "Farrington, Lawrence"]
[Result "1/2-1/2"]
[WhiteElo "1849"]
[BlackElo "1855"]

1. d4 d5 2. Nf3 Nf6 3. Bg5 Bg4 4. Bxf6 exf6 5. e3 c6 6. c3 Nd7 7. Nbd2 c5 8.
Qb3 Nb6 9. Bb5+ Bd7 10. O-O Bxb5 11. Qxb5+ Qd7 12. Qe2 Bd6 13. dxc5 Bxc5 14.
Nb3 Be7 15. Rad1 Qc7 16. Nfd4 O-O 17. Nf5 g6 18. Nfd4 a6 19. Rfe1 Bd6 20. h3 f5
21. Qf3 Be5 22. Qe2 Rad8 23. Nf3 Bg7 24. Nbd4 Rfe8 25. Qc2 Qc8 26. Qb3 Nc4 27.
Nc2 Na5 28. Qa4 Nc4 29. Qb3 Na5 30. Qb4 Nc4 31. Rd3 Bf8 32. Qb3 Na5 33. Qa4 Nc4
34. Qb3 Na5 35. Qa4 Nc4 36. Qb3 Na5 1/2-1/2

[Event "Club Championships"]
[Site "Wellington Chess Club"]
[Date "2017.09.28"]
[Round "2.2.5"]
[White "Aldridge, Alan"]
[Black "Rossiter, Philip"]
[Result "1/2-1/2"]
[WhiteElo "1936"]
[BlackElo "1978"]

1. d4 Nf6 2. c4 e6 3. Nf3 Bb4+ 4. Bd2 a5 5. a3 Bxd2+ 6. Nbxd2 d6 7. e3 Nc6 8.
Bd3 Bd7 9. O-O Qe7 10. Qc2 O-O 11. Rae1 Rae8 12. Ne4 Nxe4 13. Bxe4 f5 14. Bd3
e5 15. e4 Nxd4 16. Nxd4 exd4 17. Qd2 f4 18. f3 Qe5 19. Rb1 Rf6 20. b4 axb4 21.
axb4 b6 22. Ra1 c5 23. Ra6 Rb8 24. Rfa1 g5 25. Ra8 Rff8 26. Rxb8 Rxb8 27. Ra7
Be8 28. b5 h5 29. Qa2 g4 30. Kf1 Bf7 31. Rxf7 Kxf7 32. Qa7+ Qe7 33. Qxb8 Qh4
34. Qa7+ Ke6 35. Qa2 Qxh2 36. Qf2 g3 37. Qg1 1/2-1/2

[Event "Club Championships"]
[Site "Wellington Chess Club"]
[Date "2017.09.28"]
[Round "2.3.1"]
[White "Wight, Joshua"]
[Black "Wevers, Alexis"]
[Result "0-1"]
[WhiteElo "1609"]
[BlackElo "1654"]

1. e4 c6 2. d3 d5 3. Nc3 d4 4. Nce2 c5 5. g3 Nc6 6. f4 e5 7. Bh3 exf4 8. Bxf4
Be6 9. Bxe6 fxe6 10. Nf3 Nge7 11. Qd2 Ng6 12. O-O e5 13. Bg5 Qd7 14. Qe1 h6 15.
Bd2 Be7 16. Qc1 Qg4 17. Kh1 Kd7 18. c3 Raf8 19. Neg1 b6 20. cxd4 exd4 21. Qc4
Bd6 22. a3 h5 23. Qd5 h4 24. Be1 hxg3 25. Qg5 g2# 0-1

[Event "Club Championships"]
[Site "Wellington Chess Club"]
[Date "2017.09.28"]
[Round "2.3.2"]
[White "Stracy, Don"]
[Black "Sole, Michael"]
[Result "0-1"]
[WhiteElo "1737"]
[BlackElo "1727"]

1. e4 c5 2. Nf3 d6 3. d4 cxd4 4. Nxd4 Nf6 5. Nc3 a6 6. Bg5 e6 7. f4 Qc7 8. Qf3
b5 9. a3 Nbd7 10. O-O-O Bb7 11. Bd3 Be7 12. Rhe1 Qb6 13. Nb3 Rc8 14. Qe2 h6 (
14... Rxc3 $1 15. bxc3 Qc7) 15. e5 $2 hxg5 16. exf6 Bxf6 17. fxg5 Bxg5+ (17...
Bxc3 18. bxc3 Rxc3 (18... Ne5 $1) ) 18. Kb1 Rxh2 19. Be4 Bxe4 20. Nxe4 Be7 (
20... Bf4 $6) 21. Rh1 Rxh1 22. Rxh1 Nf6 $6 (22... Ne5) 23. Ng5 e5 $6 (23... Nd7
) 24. Nd2 (24. Rh8+ Bf8 (24... Kd7 25. Rxc8 Kxc8 26. Nxf7) ) 24... Qc6 25. Ndf3
$6 Qc4 26. Qxc4 $2 Rxc4 27. c3 $2 Rg4 28. Rh2 e4 29. Rh8+ Bf8 30. Nxf7 Kxf7 31.
Nd4 Rxg2 32. Rh1 Rf2 33. Ka2 d5 34. Kb3 Nd7 35. Rh5 Nf6 (35... Nc5+ 36. Ka2 Nd3
) 36. Rh1 e3 37. Re1 Bc5 38. Rxe3 Bxd4 39. cxd4 Ne4 40. Rd3 Ke6 41. Rh3 Rf3+ $1
42. Rxf3 Nd2+ 43. Kb4 Nxf3 44. Kc5 g5 45. Kb6 g4 46. Kxa6 Nxd4 0-1

[Event "Club Championships"]
[Site "Wellington Chess Club"]
[Date "2017.09.28"]
[Round "2.3.3"]
[White "Forlong-Ford, Colwyn"]
[Black "Thorpe, Richard"]
[Result "1-0"]
[WhiteElo "1738"]
[BlackElo "1632"]

1. e4 e5 2. Bc4 c6 3. Nc3 Bb4 4. Nf3 d5 5. exd5 Bxc3 6. dxc3 e4 7. Ng5 Nh6 8.
Nxe4 Bg4 9. f3 cxd5 10. Bxd5 Bc8 11. Bxh6 Qh4+ 12. Ng3 Qxh6 13. Qe2+ Kf8 14.
Rd1 Nc6 15. Bxc6 Bg4 16. Ba4 Be6 17. Qe5 Qh4 18. Rd4 1-0

[Event "Club Championships"]
[Site "Wellington Chess Club"]
[Date "2017.09.28"]
[Round "2.3.4"]
[White "Winter, Ryan"]
[Black "Dixon, Hamish"]
[Result "1-0"]
[WhiteElo "1711"]
[BlackElo "1697"]

1. e4 d6 2. d4 Nf6 3. Nc3 c6 4. Bg5 Nbd7 5. Nf3 g6 6. Bc4 Bg7 7. e5 dxe5 8.
dxe5 Nd5 9. Nxd5 cxd5 10. Qxd5 Nxe5 11. Qxd8+ Kxd8 12. O-O-O+ Nd7 13. Bxf7 Rf8
14. Be6 Ke8 15. Rhe1 Nf6 16. Nd4 h6 17. Bh4 g5 18. Nf5 Bxe6 19. Nxg7+ 1-0

[Event "Club Championships"]
[Site "Wellington Chess Club"]
[Date "2017.09.28"]
[Round "2.4.3"]
[White "Darr, Samuel"]
[Black "Leask, Hamish"]
[Result "1/2-1/2"]
[WhiteElo "1444"]
[BlackElo "1570"]

1. e4 d5 2. exd5 Nf6 3. d4 Nxd5 4. Nf3 Bg4 5. h3 Bh5 6. Be2 e6 7. c4 Nb6 8. Be3
Bxf3 9. Bxf3 Nc6 10. b3 Bb4+ 11. Kf1 Qf6 12. a3 Be7 13. Nc3 a6 14. Ne2 Rd8 15.
Qd2 Bc5 16. Bg5 Rxd4 17. Nxd4 Qxd4 18. Bxc6+ bxc6 19. Qxd4 Bxd4 20. Rd1 e5 21.
f4 f6 22. fxe5 fxe5 23. Ke2 a5 24. Rhf1 a4 25. c5 Nd5 26. Rd3 Bxc5 27. bxa4 h6
28. Bd2 Ke7 29. Kd1 Rb8 30. Kc2 Bd4 31. Rb3 Rxb3 32. Kxb3 c5 33. a5 e4 34. Re1
Nf6 35. a6 Kd7 36. a7 c4+ 37. Kxc4 Bxa7 38. Be3 Bxe3 39. Rxe3 Ke6 40. a4 Ke5
41. g3 Nd5 42. Re1 Nb6+ 43. Kb5 Kd4 44. a5 e3 45. Kc6 Kd3 46. Kxc7 Nd5+ 47. Kb7
Nb4 48. Kb6 Kd2 49. Rf1 e2 50. Rh1 1/2-1/2

[Event "Club Championships"]
[Site "Wellington Chess Club"]
[Date "2017.09.28"]
[Round "2.4.4"]
[White "Benitez, Rick"]
[Black "Bennett, Ezra"]
[Result "1-0"]
[WhiteElo "1566"]
[BlackElo "1427"]

1. d4 d5 2. Nf3 c5 3. e3 Nf6 4. Nc3 e6 5. h3 Be7 6. Be2 Nc6 7. a3 cxd4 8. exd4
Ne4 9. Qd3 Ng5 10. Be3 Nxf3+ 11. Bxf3 a6 12. O-O Bg5 13. Rfe1 O-O 14. Qd2 h6
15. Ne2 Bxe3 16. Qxe3 Qg5 17. Qxg5 hxg5 18. c3 Rb8 19. Nc1 Na5 20. Rb1 Nc4 21.
Nb3 b6 22. Be2 a5 23. Bxc4 dxc4 24. Nd2 Ba6 25. b3 b5 26. Re5 a4 27. b4 g4 28.
hxg4 Bc8 29. Rbe1 Rb6 30. f3 f6 31. Rc5 Rd8 32. Kf2 e5 33. Re2 Bb7 34. dxe5
fxe5 35. Rcxe5 Rbd6 36. Rxb5 1-0

[Event "Club Championships"]
[Site "Wellington Chess Club"]
[Date "2017.09.28"]
[Round "2.4.5"]
[White "Proctor, Matthew"]
[Black "Hall, Nathan"]
[Result "0-1"]
[WhiteElo "1478"]
[BlackElo "1278"]

1. e4 e6 2. d4 d5 3. e5 c5 4. Nf3 Nc6 5. c3 Qb6 6. Be2 Bd7 7. O-O Nh6 8. Bg5
Qxb2 9. Nbd2 Qxc3 10. Nb3 Qb4 11. Bd2 Qb6 12. Rc1 c4 13. Nc5 Bxc5 14. dxc5 Qxc5
15. Be3 Qe7 16. Qd2 Nf5 17. Rb1 Nxe3 18. Qxe3 Rb8 0-1

[Event "Club Championships"]
[Site "Wellington Chess Club"]
[Date "2017.09.28"]
[Round "2.4.6"]
[White "Jacobsen-Grocott, Josiah"]
[Black "Asher, Bruce"]
[Result "1/2-1/2"]
[WhiteElo "1238"]
[BlackElo "1258"]

1. g3 c5 2. Nf3 Nc6 3. Bg2 e6 4. d4 Nf6 5. O-O d5 6. Re1 h6 7. Nc3 cxd4 8. Nxd4
Bc5 9. Nxc6 bxc6 10. e4 Qb6 11. Be3 e5 12. Na4 Qa5 13. Nxc5 Ng4 14. Nb3 Qb4 15.
Bc5 Qa4 16. exd5 Bb7 17. dxc6 Bxc6 18. Qd6 1/2-1/2

[Event "Club Championships"]
[Site "Wellington Chess Club"]
[Date "2017.09.30"]
[Round "2.1.2"]
[White "Jackson, Ross"]
[Black "Forster, Bill"]
[Result "1/2-1/2"]
[WhiteElo "2020"]
[BlackElo "2093"]

1. d4 d5 2. Bf4 Bf5 3. e3 e6 4. c3 Nf6 5. h3 Bd6 6. Ne2 O-O 7. Ng3 Bg6 8. Bxd6
Qxd6 9. Bd3 c5 10. dxc5 Qxc5 11. Bxg6 hxg6 12. Qd4 Qb5 13. Qd2 Nc6 14. Na3 Qa4
15. Qc2 Qh4 16. Rd1 Rfe8 17. Nb5 Rad8 18. Nd4 Ne5 19. Nde2 Nc6 20. Nd4 Ne5 21.
Nde2 Nc6 22. Nd4 Ne5 1/2-1/2

[Event "Club Championships"]
[Site "Wellington Chess Club"]
[Date "2017.10.05"]
[Round "3.1.4"]
[White "Sellen, Ian"]
[Black "Timergazi, Layla"]
[Result "1/2-1/2"]
[WhiteElo "2056"]
[BlackElo "2158"]

1. c4 c6 2. d4 d5 3. Nc3 Nf6 4. Nf3 e6 5. e3 Nbd7 6. Bd3 dxc4 7. Bxc4 b5 8. Bd3
a6 9. a3 c5 10. O-O Bb7 11. Re1 Bd6 12. Ng5 Qc7 13. h3 O-O 14. Nge4 Be7 15.
dxc5 Nxc5 16. Nxc5 Bxc5 17. Qe2 Rfd8 18. Na2 Qe5 19. Bc2 Ne4 20. Bxe4 Qxe4 21.
f3 Qh4 22. Qf2 Qf6 23. Nc3 Rd3 24. Qc2 Rad8 25. Ne4 Bxe4 26. Qxc5 Rd1 (26...
Bxf3 $1 27. gxf3 Qh4 $1) 27. Rxd1 Rxd1+ 28. Kh2 Bg6 29. e4 Qd8 30. Qc3 Rd3 31.
Qe5 Qb6 32. Bf4 1/2-1/2

[Event "Club Championships"]
[Site "Wellington Chess Club"]
[Date "2017.10.05"]
[Round "3.1.5"]
[White "Nijman, Brian"]
[Black "Forster, Bill"]
[Result "1-0"]
[WhiteElo "2147"]
[BlackElo "2093"]

1. d4 d5 2. Bf4 Bf5 3. e3 e6 4. g4 Bg6 5. h4 h6 6. h5 Be4 7. f3 Bh7 8. Bd3 Bxd3
9. cxd3 c5 10. Ne2 Bd6 11. dxc5 Bxf4 12. Qa4+ Qd7 13. Qxf4 Qb5 14. Qd4 Nf6 15.
Nbc3 Qd7 16. Qa4 Na6 17. d4 Ke7 18. b4 Qxa4 19. Nxa4 b5 20. cxb6 axb6 21. Rb1
b5 22. Nac3 Rhc8 23. Kd2 Rab8 24. a4 Rc4 25. axb5 Nxb4 26. Ra1 Nd7 27. Rhb1 Nb6
28. Rb3 Ra8 29. Rxa8 Nxa8 30. Nb1 Nc2 31. Nec3 Nb4 32. Na3 Nb6 33. Nxc4 Nxc4+
34. Kc1 Nd3+ 35. Kc2 Ne1+ 36. Kd1 Nxf3 37. b6 Nxe3+ 38. Ke2 Nxd4+ 39. Kxe3 Nxb3
40. b7 d4+ 41. Kf2 dxc3 42. b8=Q Nd2 43. Ke2 Kd7 44. Qb5+ Kd6 45. Kd3 1-0

[Event "Club Championships"]
[Site "Wellington Chess Club"]
[Date "2017.10.05"]
[Round "3.2.1"]
[White "Rossiter, Philip"]
[Black "Mullan, Brett"]
[Result "1/2-1/2"]
[WhiteElo "1978"]
[BlackElo "1800"]

1. c4 b6 2. Nc3 e6 3. d4 Bb7 4. Nf3 Bb4 5. Bg5 f6 6. Bd2 a6 7. Qc2 f5 8. a3 Be7
9. e4 fxe4 10. Nxe4 Nf6 11. Bd3 Bxe4 12. Bxe4 Nxe4 13. Qxe4 Ra7 14. O-O-O O-O
15. h4 Qe8 16. Rhe1 Qg6 17. Qxg6 hxg6 18. d5 Bc5 19. dxe6 Bxf2 20. Re2 Bc5 21.
Bg5 dxe6 22. Rxe6 Bd6 23. Rde1 Nd7 24. Be3 Nc5 25. Bxc5 Bxc5 26. Kc2 Bd6 27.
Rxg6 Rf6 28. Rxf6 gxf6 29. Nd4 Ra8 30. Kd3 Kf7 31. Re4 Be5 32. b3 Rd8 33. Ke3
Rg8 34. g4 Bg3 35. Nf5 Bxh4 36. Nh6+ Kg7 37. Nxg8 Kxg8 38. Kf4 Kf7 39. Kf5 Bg3
40. Re3 Bf2 41. Rd3 Ke7 42. Rh3 Bd4 43. Ke4 Bb2 44. a4 Kd6 45. Rf3 Kc5 46. Kd3
Kb4 47. Kc2 Be5 48. Rd3 b5 49. axb5 axb5 50. Rd5 bxc4 51. bxc4 Kxc4 52. Rd8 Bf4
53. Rf8 Bg5 54. Rf7 c5 55. Rd7 Be3 56. Rd6 Bd4 57. Rd8 Be5 1/2-1/2

[Event "Club Championships"]
[Site "Wellington Chess Club"]
[Date "2017.10.05"]
[Round "3.2.2"]
[White "Farrington, Lawrence"]
[Black "Aldridge, Alan"]
[Result "0-1"]
[WhiteElo "1855"]
[BlackElo "1936"]

1. e4 c6 2. d4 d5 3. exd5 cxd5 4. c4 Nf6 5. Nc3 e6 6. Bg5 Be7 7. Nf3 O-O 8. Bd3
h6 9. Bf4 Nc6 10. cxd5 exd5 11. O-O Bg4 12. Be3 Re8 13. Rc1 Rc8 14. Bb1 Qd7 15.
Kh1 Bf8 16. Qd3 Bxf3 17. gxf3 Qh3 18. Qf5 Qxf5 19. Bxf5 Rcd8 20. Rg1 g6 21. Nb5
a6 22. Nc3 Kh7 23. Bc2 Bg7 24. Bb3 Na5 25. Bc2 Nc4 26. Rge1 Rc8 27. Na4 b5 28.
Nc5 Nxb2 29. Nxa6 Nd7 30. Bb1 Nb6 31. Rxc8 Rxc8 32. Nc5 Re8 33. Kg2 Bxd4 34.
Kf1 Bxe3 35. Rxe3 Rc8 36. Nb3 N6c4 37. Re1 Kg7 38. Kg2 b4 39. f4 Na3 40. Re2
Nxb1 41. Rxb2 Nc3 42. Rc2 Rc4 43. Kf3 Nxa2 44. Rxa2 Rc3+ 45. Ke2 Rxb3 46. Rd2
Kf6 47. Rxd5 Ke6 48. Rb5 Rb2+ 49. Ke3 Rb3+ 50. Ke4 Kd6 51. h4 Kc6 52. Rb8 Rh3
53. Rxb4 Rxh4 54. Rb2 f5+ 55. Ke5 Rh2 56. Kf6 Rg2 57. Rb8 h5 58. Rh8 Kd5 59.
Re8 h4 60. Re3 Rg4 61. Kg7 Rxf4 62. Kxg6 Rxf2 63. Rh3 Rf4 64. Kg5 Ke4 65. Rh1
Rg4+ 66. Kh5 Rf4 67. Kg5 Rg4+ 68. Kh5 Kf4 69. Rf1+ Kg3 70. Rxf5 h3 71. Ra5 Rf4
72. Kg5 h2 73. Ra3+ Rf3 74. Ra4 h1=Q 75. Rg4+ Kf2 76. Ra4 Rg3+ 77. Kf6 Qf3+ 78.
Ke5 Rg5+ 79. Kd6 Qf6+ 0-1

[Event "Club Championships"]
[Site "Wellington Chess Club"]
[Date "2017.10.05"]
[Round "3.2.3"]
[White "Benitez, Edgar"]
[Black "Stoeveken, Peter"]
[Result "1-0"]
[WhiteElo "1809"]
[BlackElo "1849"]

1. d4 d5 2. c4 Nf6 3. Nc3 e6 4. Nf3 c5 5. e3 Nc6 6. cxd5 Nxd5 7. Bd2 cxd4 8.
exd4 Bb4 9. a3 Ba5 10. Bb5 Qb6 11. Bxc6+ Qxc6 12. Rc1 Nxc3 13. Bxc3 Bxc3+ 14.
Rxc3 Qb5 15. Qe2 Bd7 16. Qxb5 Bxb5 17. Kd2 O-O 18. Rhc1 Bc6 19. Ke3 Rfd8 20.
Ne5 Bd5 21. Rc7 f6 22. Nd3 Rd6 23. Nb4 Rad8 24. g3 a5 25. Nxd5 Rxd5 26. Rxb7
Rxd4 27. Rcc7 g5 28. Rg7+ Kf8 29. Rgf7+ Kg8 30. Rxf6 R4d7 31. Rxd7 Rxd7 32.
Rxe6 Rb7 33. Re5 Rb3+ 34. Ke2 Rxb2+ 35. Kf1 h6 36. Rxa5 Kf7 37. Ra6 h5 38. h3
Rb3 39. Kg2 Ke7 40. Rh6 h4 41. gxh4 gxh4 42. Rxh4 Rxa3 43. Rf4 Ke6 44. f3 Ra7
45. Kg3 Rg7+ 46. Rg4 Rh7 47. h4 Kf5 48. Rg5+ Kf6 49. Kg4 Rc7 50. Rb5 Rc4+ 51.
f4 Rc1 52. Rb6+ Kg7 53. Rb3 Kh6 54. Rb6+ Kg7 55. Re6 Rd1 56. Kh5 Rf1 57. Kg5
Rg1+ 58. Kf5 Rh1 59. Rg6+ Kh7 60. Rg4 Kh6 61. Kf6 Kh5 62. Rg8 Rf1 63. f5 Kxh4
64. Ke6 Rb1 65. f6 Rb6+ 66. Kf5 Rb5+ 67. Kg6 Rb6 68. Kg7 Kh5 69. f7 Rg6+ 70.
Kf8 Re6 71. Rg1 Rb6 72. Kg8 1-0

[Event "Club Championships"]
[Site "Wellington Chess Club"]
[Date "2017.10.05"]
[Round "3.2.5"]
[White "Chen, Wei Kai"]
[Black "Barraza, Jesse"]
[Result "1/2-1/2"]
[WhiteElo "1813"]
[BlackElo "1890"]

1. e4 d6 2. d4 Nf6 3. Nc3 Nbd7 4. Bg5 h6 5. Bh4 c6 6. Nf3 e5 7. Bc4 Be7 8. O-O
Qc7 9. Re1 Nf8 10. Qd3 Ng6 11. Bg3 Nh5 12. dxe5 dxe5 13. Ne2 O-O 14. Qc3 Bf6
15. Rad1 Bg4 16. h3 Nxg3 17. Nxg3 Bxf3 18. Qxf3 1/2-1/2

[Event "Club Championships"]
[Site "Wellington Chess Club"]
[Date "2017.10.05"]
[Round "3.3.1"]
[White "Day, Fabian"]
[Black "Wight, Joshua"]
[Result "0-1"]
[WhiteElo "1784"]
[BlackElo "1609"]

1. e4 b6 2. d4 Bb7 3. Nc3 e6 4. Bd3 Bb4 5. Be3 Nf6 6. f3 d5 7. e5 Nfd7 8. Ne2
c5 9. a3 Bxc3+ 10. Nxc3 cxd4 11. Bxd4 Nc6 12. Bb5 Nxd4 13. Qxd4 O-O 14. O-O Qc8
15. b4 Qc7 16. f4 Rfc8 17. Rf3 Nf8 18. Raf1 a6 19. Bd3 Qxc3 20. Bxh7+ Nxh7 21.
Rxc3 Rxc3 22. Qxc3 Rc8 23. Qd3 Rc4 24. f5 Ng5 25. fxe6 Nxe6 26. g3 b5 27. Qf5
Rc7 28. h4 Nd4 29. Rf2 Nxf5 0-1

[Event "Club Championships"]
[Site "Wellington Chess Club"]
[Date "2017.10.05"]
[Round "3.3.4"]
[White "Sole, Michael"]
[Black "Forlong-Ford, Colwyn"]
[Result "0-1"]
[WhiteElo "1727"]
[BlackElo "1738"]

1. e4 e5 2. Nf3 Nc6 3. Bb5 Nf6 4. d3 Bd6 $6 (4... Bc5) 5. c3 a6 6. Ba4 b5 7.
Bc2 Qe7 8. O-O Bc5 9. Re1 d6 10. h3 Bb7 11. Nbd2 O-O 12. Nf1 h6 13. Ng3 Bc8 14.
a4 b4 15. a5 (15. d4 Ba7 (15... exd4 16. cxd4 Ba7 17. e5 $1 dxe5 18. dxe5) 16.
d5) 15... bxc3 16. bxc3 Rb8 17. Bb3 $6 (17. d4 exd4 (17... Ba7) 18. cxd4 Bb4
19. Re2 (19. Re3) ) 17... Rb5 (17... Be6 18. Bxe6 fxe6) 18. Ba4 Rxa5 19. Bxh6
gxh6 20. Bxc6 Rxa1 21. Qxa1 Bb6 22. Qc1 Kh7 23. Bb7 Ng8 $6 24. Bxc8 Rxc8 25.
Nf5 Qf6 26. Qa3 a5 27. d4 Re8 28. dxe5 (28. Qa4 Rd8 29. Ne3) 28... dxe5 29. Rd1
Ne7 30. Qa4 Rg8 31. Nxe7 Qxe7 32. Rd7 Qf6 33. Qa2 Rg7 34. Rd3 $6 (34. Kf1 $1)
34... Qg6 35. g3 $4 (35. g4 $6)  (35. Ne1) 35... Qxe4 36. Qd5 Qxd5 37. Rxd5
Rxg3+ 38. Kh2 Rxf3 39. Rxe5 Rxf2+ 40. Kg3 Rc2 41. Re7 Rxc3+ 42. Kg4 Kg6 { White
resigned } 0-1

[Event "Club Championships"]
[Site "Wellington Chess Club"]
[Date "2017.10.05"]
[Round "3.3.5"]
[White "Wevers, Alexis"]
[Black "Stracy, Don"]
[Result "1-0"]
[WhiteElo "1654"]
[BlackElo "1737"]

1. d4 Nf6 2. c4 e6 3. Nf3 b6 4. g3 Bb7 5. Bg2 c5 6. O-O cxd4 7. Qxd4 Nc6 8. Qd1
Be7 9. Nc3 O-O 10. b3 d5 11. cxd5 Nxd5 12. Nxd5 Qxd5 13. Qxd5 exd5 14. Bb2 Rfd8
15. Rfd1 Bc5 16. a3 f6 17. b4 Bf8 18. Rac1 Ne7 19. Nd4 Rac8 20. Bh3 Rxc1 21.
Rxc1 Bc8 22. Bg2 Nf5 23. Rc7 Nxd4 24. Bxd4 Ba6 25. Rxa7 Bxe2 26. Bxb6 Rc8 27.
Bxd5+ Kh8 28. Rc7 Rd8 29. Rf7 Bh5 30. Bxd8 Bxf7 31. Bxf7 Bd6 32. Bb6 Be5 33. b5
g6 34. a4 Kg7 35. Bd5 1-0

[Event "Club Championships"]
[Site "Wellington Chess Club"]
[Date "2017.10.05"]
[Round "3.4.2"]
[White "Tagos, Bernardo"]
[Black "Benitez, Rick"]
[Result "1-0"]
[WhiteElo "1483"]
[BlackElo "1566"]

1. c4 e5 2. Nc3 Bc5 3. Nf3 d6 4. d4 exd4 5. Nxd4 a6 6. e3 Nf6 7. Bd3 Bd7 8. O-O
Nc6 9. Nb3 Ba7 10. a3 Qe7 11. Bd2 O-O-O 12. Nd5 Nxd5 13. cxd5 Ne5 14. Bc3 Qg5
15. Bxe5 Qxe5 16. Qc2 Qxd5 17. a4 Rde8 18. Rac1 c6 19. Rfd1 Qg5 20. Bf1 d5 21.
Nd4 Kc7 22. b4 Bxd4 23. Rxd4 Rb8 24. Rcd1 Be6 25. b5 Kd7 26. Rc1 Rhc8 27. bxa6
bxa6 28. Bxa6 Rc7 29. Bb5 Rb6 30. Qc5 Bh3 31. g3 Qe7 32. Qxb6 Qa3 33. Bxc6+
Rxc6 34. Qxc6+ Ke7 35. Qc5+ Qxc5 36. Rxc5 1-0

[Event "Club Championships"]
[Site "Wellington Chess Club"]
[Date "2017.10.05"]
[Round "3.4.3"]
[White "Hall, Nathan"]
[Black "Konakanchi, Karthik"]
[Result "0-1"]
[WhiteElo "1278"]
[BlackElo "1504"]

1. e4 e5 2. Nf3 Nc6 3. d4 exd4 4. Bc4 Bc5 5. c3 dxc3 6. Bxf7+ Kxf7 7. Qd5+ Ke8
8. Qh5+ g6 9. Qxc5 Nf6 10. O-O d6 11. Qxc3 Bg4 12. Bh6 Qe7 13. Nbd2 Kd7 14.
Rad1 Rae8 15. Bg5 Rhf8 16. Rfe1 Bxf3 17. Nxf3 Nxe4 18. Bxe7 Nxc3 19. Bxf8 Nxd1
20. Rxe8 Kxe8 21. Bg7 Kf7 22. Bh8 Ke6 23. Nd4+ Nxd4 24. Bxd4 c5 25. Bh8 d5 26.
Kf1 d4 27. b4 b6 28. bxc5 bxc5 29. Ke1 Nc3 30. a3 a5 31. Bg7 Nb1 32. Bf8 Kd5
33. g4 Nxa3 34. f4 Nc4 35. f5 gxf5 36. gxf5 a4 37. f6 a3 38. Bxc5 a2 39. Bxd4
Kxd4 0-1

[Event "Club Championships"]
[Site "Wellington Chess Club"]
[Date "2017.10.05"]
[Round "3.4.4"]
[White "Leask, Hamish"]
[Black "Jacobsen-Grocott, Josiah"]
[Result "1-0"]
[WhiteElo "1570"]
[BlackElo "1238"]

1. e4 e5 2. Nf3 Nc6 3. Bb5 a6 4. Ba4 Nf6 5. Nc3 b5 6. Bb3 Bc5 7. d3 d6 8. h3
O-O 9. Ng5 Nd4 10. f4 Nxb3 11. axb3 Bd4 12. Nxb5 Bc5 13. fxe5 dxe5 14. Nf3 Bb7
15. Na3 Nxe4 16. dxe4 Qxd1+ 17. Kxd1 Rad8+ 18. Ke2 Bxe4 19. c3 Bd3+ 20. Ke1
Rfe8 21. Nc4 e4 22. Nfe5 Bc2 23. Ke2 Bxb3 24. Be3 Bxe3 25. Kxe3 f6 26. Na5 Bc2
27. Nec6 Rd3+ 28. Ke2 e3 29. Nd4 Rd2+ 30. Ke1 Rxg2 31. Nxc2 Rxc2 32. Nc4 Re4
33. Kd1 Rg2 34. b3 f5 35. Ra4 f4 36. Rf1 e2+ 37. Ke1 exf1=Q+ 38. Kxf1 f3 39.
Rxa6 Rc2 40. Ra8+ Kf7 41. Ra7 f2 42. Nd6+ Kg6 43. Nxe4 c5 44. c4 Kf5 45. Nxc5
Kf4 46. Rf7+ Ke3 47. Ne4 Rc1+ 48. Kg2 Rg1+ 49. Kh2 f1=Q 50. Rxf1 Rxf1 51. Nc5
Kd4 52. Ne6+ Kc3 53. Nxg7 Kxb3 54. Ne6 Kxc4 55. Kg3 Kd5 56. Ng5 Ke5 57. Nf3+
Ke4 58. Nd2+ Kf5 59. Nxf1 h5 60. Kh4 Kg6 61. Ng3 Kh6 62. Nxh5 Kg6 63. Kg4 Kh6
64. h4 Kg6 65. Nf4+ Kh6 66. h5 Kg7 67. Kg5 Kh7 68. h6 Kh8 69. Kg6 Kg8 70. Ne6
Kh8 71. Nd8 1-0